| 000 | 00395 a2200121 4500 | ||
|---|---|---|---|
| 001 | ART_24948 | ||
| 005 | 20260410161933.0 | ||
| 008 | 260409a | ||
| 245 | 1 | 0 | _aLa devaluación del franco como instrumento de política monetaria y cambiaria |
| 100 | 1 | _aCarbonell Tur, Antonio | |
| 700 | 1 | _aPérez Lamela, Héctor | |
| 773 | 0 |
_tInforme _g- Año I, Nº 3 (sep. 1969) _wREV23765 |
|
| 999 |
_c28766 _d28766 |
||